000 00492nam a2200193Ia 4500
005 20230314140727.0
008 131103s9999 xx 000 0 und d
040 _aLoreto College
041 _aEnglish
082 _a891.44
_bDUT
100 _aDutta, Swastika
245 _aRamayan-samikhya
_b jeevan o darsan
_cSwastika Dutta
260 _aCalcutta
_bJosna Dutta
_c1979
300 _a280p
504 _aInclude index
650 _aBengali Literature
850 _aLCLIB
942 _cBK
999 _c19859
_d70338